Labková patrola. Dobrodružstvo na mori
Dva napínavé příběhy na mořských vlnách s neohroženými štěňaty z Tlapkové patroly.
Uloženo v:
| Série: | Labková patrola (SK),
část 0 |
|---|---|
| Médium: | E-kniha |
| Jazyk: | Slovak |
| Vydáno: |
V Prahe :
Egmont,
2022
|
| Vydání: | Prvé vydanie |
| Edice: | Paw Patrol (Egmont)
Začíname čítať (Egmont) |
| Témata: | |
| Příbuzné jednotky: | Přeloženo z:
Break the ice Přeloženo z: Chase is on the case Z cyklu:: Labková patrola (SK) |
| Tagy: |
Žádné tagy |
| LEADER | 02379nam a2200565 i 4500 | ||
|---|---|---|---|
| 001 | 312328 | ||
| 003 | CZ PrSKC | ||
| 005 | 20260601215721.0 | ||
| 007 | ta | ||
| 008 | 220207s2022 xr a b 000 j slo | ||
| 015 | |a cnb003394833 | ||
| 020 | |a 9788025251447 |q (vázáno) | ||
| 035 | |a (OCoLC)1310112977 | ||
| 040 | |a ABG001 |b cze |d ABA001 |e rda | ||
| 041 | 1 | |a slo |h eng | |
| 072 | 7 | |a 821-93 |x Literatura pro děti a mládež (beletrie) |2 Konspekt | |
| 080 | |a 821-32 |2 MRF | ||
| 080 | |a 821-93 |2 MRF | ||
| 080 | |a (0:82-32) |2 MRF | ||
| 245 | 0 | 0 | |a Labková patrola. |p Dobrodružstvo na mori |
| 246 | 3 | 0 | |a Dobrodružstvo na mori |
| 250 | |a Prvé vydanie | ||
| 264 | 1 | |a V Prahe : |b Egmont, |c 2022 | |
| 300 | |a 47 stran : |b barevné ilustrace ; |c 24 cm | ||
| 336 | |a text |b txt |2 rdacontent | ||
| 336 | |a statický obraz |b sti |2 rdacontent | ||
| 337 | |a bez média |b n |2 rdamedia | ||
| 338 | |a svazek |b nc |2 rdacarrier | ||
| 490 | 1 | |a Paw Patrol | |
| 490 | 1 | |a Začíname čítať | |
| 500 | |a Přeloženo z angličtiny | ||
| 500 | |a Nad názvem uvedeno původní nakladatelství: Nickelodeon | ||
| 505 | 0 | 0 | |t Labky zachraňujú veľrybie mláďa -- |t Chase má prípad |
| 520 | 2 | |a Dva napínavé příběhy na mořských vlnách s neohroženými štěňaty z Tlapkové patroly. |b Tlapková patrola se nezalekne ani vody. Pomůžou velrybí mámě najít ztracené velrybátko a opravit světlomety na porouchaném majáku. Celostránkové ilustrace doplněné krátkým textem. | |
| 521 | 8 | |a Pro děti od 6 let | |
| 655 | 7 | |a příběhy |7 fd133204 |2 czenas | |
| 655 | 7 | |a publikace pro děti |7 fd133156 |2 czenas | |
| 655 | 9 | |a stories |2 eczenas | |
| 655 | 9 | |a children's literature |2 eczenas | |
| 765 | 0 | |t Break the ice | |
| 765 | 0 | |t Chase is on the case | |
| 830 | 0 | |a Paw Patrol (Egmont) | |
| 830 | 0 | |a Začíname čítať (Egmont) | |
| 900 | |a ABA001 |b 20 | ||
| 928 | 9 | |a Albatros Media - Egmont | |
| 044 | |a xr | ||
| 787 | 0 | 8 | |g 0 |i Z cyklu: |t Labková patrola (SK) |
| 910 | |a RBIT002 | ||
| 998 | |d 401115 |a https://core.palmknihy.cz/api/books/401115/cover?seqgoq |b https://core.palmknihy.cz/api/books/401115/cover/400?seqgoq |c https://core.palmknihy.cz/api/books/401115/cover/50?seqgoq |e 2026-06-30 |g 48 |i 9788025251447 |k https://core.palmknihy.cz/api/books/401115/preview.pdf |l |q 49 |r 1 |s https://www.palmknihy.cz/kniha/401115 |t ebook |y 2023 |z 0 |v Labková patrola (SK) |w 0 | ||
| 999 | |d 312326 | ||